| 000 | 01426nam a22003494a 4500 | ||
|---|---|---|---|
| 001 | ebr10271030 | ||
| 003 | CaPaEBR | ||
| 006 | m u | ||
| 007 | cr cn||||||||| | ||
| 008 | 070801s2007 ne sb 001 0 eng c | ||
| 010 | _z 2007278447 | ||
| 016 | 7 |
_zB0704339 _2bccb |
|
| 020 | _z9789004157958 (hd.bd. : alk. paper) | ||
| 020 | _z9004157956 (hd.bd. : alk. paper) | ||
| 040 |
_aCaPaEBR _cCaPaEBR |
||
| 035 | _a(OCoLC)646789853 | ||
| 050 | 1 | 4 |
_aB765.K54 _bT465 2007eb |
| 082 | 0 | 4 |
_a160.92 _222 |
| 100 | 1 | _aThom, Paul. | |
| 245 | 1 | 0 |
_aLogic and ontology in the syllogistic of Robert Kilwardby _h[electronic resource] / _cby Paul Thom. |
| 260 |
_aLeiden ; _aBoston : _bBrill, _c2007. |
||
| 300 | _axx, 312 p. | ||
| 490 | 1 |
_aStudien und Texte zur Geistesgeschichte des Mittelalters, _x0169-8125 ; _vBd. 92 |
|
| 504 | _aIncludes bibliographical references (p. 255-259) and indexes. | ||
| 533 |
_aElectronic reproduction. _bPalo Alto, Calif. : _cebrary, _d2013. _nAvailable via World Wide Web. _nAccess may be limited to ebrary affiliated libraries. |
||
| 600 | 1 | 0 |
_aKilwardby, Robert, _dd. 1279. |
| 650 | 0 | _aLogic, Medieval. | |
| 655 | 7 |
_aElectronic books. _2local |
|
| 710 | 2 | _aebrary, Inc. | |
| 830 | 0 |
_aStudien und Texte zur Geistesgeschichte des Mittelalters ; _vBd. 92. |
|
| 856 | 4 | 0 |
_uhttp://site.ebrary.com/lib/rucke/Doc?id=10271030 _zAn electronic book accessible through the World Wide Web; click to view |
| 999 |
_c7168 _d7168 |
||